| 000 | 00890nam a2200229 a 4500 | ||
|---|---|---|---|
| 001 | 40902 | ||
| 003 | BD-RjUL | ||
| 005 | 20211209053308.0 | ||
| 008 | 160512s2015 bg ||||| |||| 00| 0 ben d | ||
| 020 |
_a9847000000736 _c: Tk. 160.00 |
||
| 035 | _a(BD-RjUL) 41018 | ||
| 040 |
_aBD-RjUL _bben _cBD-RjUL |
||
| 041 | _aben | ||
| 082 |
_223 _a335.43095492 _bUMB 2015 |
||
| 100 | 1 |
_aউমর, বদরুদ্দীন _9116667 |
|
| 245 | 1 | 0 |
_aবাঙলাদেশে কমিউনিস্ট আন্দোলনের সমস্যা / _cবদরুদ্দীন উমর |
| 260 |
_aঢাকা : _bজাতীয় সাহিত্য প্রকাশ, _c২০১৫ |
||
| 300 |
_a১০৩ পৃ. ; _c২১ সেমি. |
||
| 650 |
_aসাম্যবাদ _zবাংলাদেশ _9125904 |
||
| 650 |
_aCommunism _zBangladesh _9125905 |
||
| 942 |
_2ddc _cBK |
||
| 999 |
_c40902 _d40902 |
||